[Event "ZL-2014-0-01566"]
[Site "LSS email"]
[Date "2014.12.17"]
[Round "?"]
[White "Ostendorf, Frank"]
[Black "Lauer, Frederic"]
[Result "1-0"]
[WhiteElo "1160"]
[BlackElo "1137"]
[PlyCount "119"]
[EventDate "2014.12.13"]
[EventType "match (corr)"]
[EventRounds "2"]
[EventCountry "GER"]
[SourceTitle "Corr 2022"]
[Source "ChessBase"]
[SourceDate "2021.10.24"]
[SourceVersion "1"]
[SourceVersionDate "2021.10.24"]
[SourceQuality "1"]

1. d4 Nf6 2. c4 g6 3. Nc3 d5 4. cxd5 Nxd5 5. e4 Nxc3 6. bxc3 Bg7 7. Bg5 0-0 8. Rc1 c5 9. Nf3 cxd4 10. cxd4 Qa5+ 11. Qd2 Qxd2+ 12. Kxd2 e6 13. Bb5 a6 14. Ba4 b5 15. Bb3 Bb7 16. Ke3 Nc6 17. d5 exd5 18. Bxd5 Rac8 19. Rhd1 h6 20. Bf4 Na5 21. Bxb7 Nxb7 22. Ne5 Bxe5 23. Bxe5 Rfd8 24. Rxd8+ Rxd8 25. Rc6 Re8 26. Bc3 a5 27. Rb6 Nc5 28. Rxb5 Nxe4 29. Re5 Rxe5 30. Bxe5 f5 31. f3 Nc5 32. Bc3 Kf7 33. Bxa5 Ke6 34. Bc3 Kd5 35. g3 Na4 36. Kd3 Nc5+ 37. Ke3 Ke6 38. Bd4 Na4 39. Kd3 Kd5 40. Be3 h5 41. Bd4 g5 42. g4 hxg4 43. fxg4 fxg4 44. Be3 Nb2+ 45. Kc3 Na4+ 46. Kb3 Nc5+ 47. Bxc5 Kxc5 48. Kc3 Kd5 49. Kd3 Ke5 50. a4 Kf4 51. a5 g3 52. hxg3+ Kxg3 53. a6 Kf2 54. a7 g4 55. a8Q g3 56. Qf8+ Kg1 57. Ke2 g2 58. Qf4 Kh1 59. Qh4+ Kg1 60. Qg3 1-0

[Event "IECC CL0-2014.00 email"]
[Site "IECC email"]
[Date "2014.12.16"]
[Round "?"]
[White "De Booij, Marco"]
[Black "Ostendorf, Frank"]
[Result "1/2-1/2"]
[WhiteElo "1161"]
[BlackElo "1190"]
[PlyCount "74"]
[EventDate "2014.11.13"]
[EventType "tourn (corr)"]
[EventRounds "4"]
[SourceTitle "Corr 2022"]
[Source "ChessBase"]
[SourceDate "2021.10.24"]
[SourceVersion "1"]
[SourceVersionDate "2021.10.24"]
[SourceQuality "1"]

1. e4 c5 2. f4 Nc6 3. Nf3 g6 4. Bb5 Qb6 5. c4 Bg7 6. Nc3 Nd4 7. d3 Nxb5 8. Nxb5 d6 9. Qc2 Bg4 10. 0-0 e6 11. Rb1 a6 12. Nc3 Ne7 13. b3 Nc6 14. Bb2 0-0 15. Ne2 Bxf3 16. Rxf3 Nd4 17. Nxd4 cxd4 18. Qf2 f5 19. exf5 exf5 20. Re1 Rae8 21. Rxe8 Rxe8 22. Kf1 Qc5 23. g3 d5 24. Qd2 dxc4 25. dxc4 Re4 26. Rd3 h5 27. Kf2 Kh7 28. h4 Re3 29. Qd1 b5 30. cxb5 axb5 31. Qd2 Qd5 32. Qd1 Qe4 33. Rd2 d3 34. Bxg7 Kxg7 35. a4 Qd4 36. Kg2 Qe4+ 37. Kf2 Qd4 1/2-1/2

[Event "RF-2014-0-00212"]
[Site "LSS email"]
[Date "2014.12.16"]
[Round "?"]
[White "Hickl, Norbert"]
[Black "Ostendorf, Frank"]
[Result "0-1"]
[WhiteElo "870"]
[BlackElo "1089"]
[PlyCount "72"]
[EventDate "2014.11.15"]
[EventType "tourn (corr)"]
[EventRounds "6"]
[EventCountry "GER"]
[SourceTitle "Corr 2015"]
[Source "ChessBase"]
[SourceDate "2015.07.17"]
[SourceVersion "1"]
[SourceVersionDate "2015.07.17"]
[SourceQuality "1"]

1. c4 Nf6 2. g3 g6 3. Bg2 Bg7 4. Nf3 0-0 5. 0-0 c5 6. a3 d6 7. Nc3 Na6 8. Rb1 Rb8 9. Nb5 Ra8 10. b4 Nc7 11. Nxc7 Qxc7 12. bxc5 Qxc5 13. d3 Rb8 14. Qa4 Bd7 15. Qb4 Qxb4 16. Rxb4 Bc6 17. Be3 b6 18. Rfb1 Nd7 19. d4 Be4 20. R1b2 Rbc8 21. Ra4 Rc7 22. Nd2 Bxg2 23. Kxg2 a5 24. Rb1 Ra8 25. c5 bxc5 26. dxc5 Nxc5 27. Rc4 Rac8 28. Rb5 Ne6 29. Rxc7 Nxc7 30. Rxa5 Bc3 31. Ra7 d5 32. Nb3 e5 33. Nc1 Kg7 34. f3 Nb5 35. Rb7 Nxa3 36. Rb3 d4 0-1

[Event "RF-2014-0-00212"]
[Site "LSS email"]
[Date "2014.12.16"]
[Round "?"]
[White "Shim Ng Min, Francis"]
[Black "Ostendorf, Frank"]
[Result "0-1"]
[WhiteElo "1109"]
[BlackElo "1089"]
[PlyCount "68"]
[EventDate "2014.11.15"]
[EventType "tourn (corr)"]
[EventRounds "6"]
[EventCountry "GER"]
[SourceTitle "Corr 2015"]
[Source "ChessBase"]
[SourceDate "2015.07.17"]
[SourceVersion "1"]
[SourceVersionDate "2015.07.17"]
[SourceQuality "1"]

1. e4 c5 2. Nf3 e6 3. d4 cxd4 4. Nxd4 a6 5. Bd3 Qc7 6. 0-0 b6 7. c4 Bb7 8. Nc3 Nf6 9. Be3 Be7 10. f4 d6 11. Rc1 Nbd7 12. b4 Rc8 13. Qe2 Qb8 14. Kh1 Qa8 15. Bg1 0-0 16. Rf3 Rfe8 17. Rh3 d5 18. e5 Ne4 19. Qh5 Nf8 20. f5 g6 21. fxg6 fxg6 22. Qg4 Bg5 23. Nxe4 dxe4 24. Qxg5 exd3 25. Rxd3 Re7 26. Rg3 Rec7 27. Qf6 Rf7 28. Qh4 Bd5 29. Be3 Bxc4 30. Bg5 Bd5 31. Rxc8 Qxc8 32. h3 Rf1+ 33. Kh2 Qc4 34. Bf6 Qc1 0-1

[Event "OP-2014-0-03581"]
[Site "LSS email"]
[Date "2014.12.10"]
[Round "?"]
[White "Herzog, Agnes"]
[Black "Ostendorf, Frank"]
[Result "1-0"]
[WhiteElo "1384"]
[BlackElo "1089"]
[PlyCount "23"]
[EventDate "2014.12.05"]
[EventType "tourn (corr)"]
[EventRounds "4"]
[EventCountry "GER"]
[SourceTitle "Corr 2015"]
[Source "ChessBase"]
[SourceDate "2015.07.17"]
[SourceVersion "1"]
[SourceVersionDate "2015.07.17"]
[SourceQuality "1"]

1. e4 c5 2. Nf3 e6 3. d4 cxd4 4. Nxd4 a6 5. c4 Qc7 6. Nc3 Nf6 7. a3 Bc5 8. Be3 d6 9. b4 Ba7 10. Ndb5 axb5 11. Nxb5 Qe7 12. Nxd6+ 1-0

[Event "RE-2014-0-00143"]
[Site "LSS email"]
[Date "2014.10.01"]
[Round "?"]
[White "Ostendorf, Frank"]
[Black "Whiteside, Robert"]
[Result "0-1"]
[WhiteElo "1067"]
[BlackElo "1383"]
[PlyCount "86"]
[EventDate "2014.07.08"]
[EventType "tourn (corr)"]
[EventRounds "6"]
[EventCountry "GER"]
[SourceTitle "Corr 2015"]
[Source "ChessBase"]
[SourceDate "2015.07.17"]
[SourceVersion "1"]
[SourceVersionDate "2015.07.17"]
[SourceQuality "1"]

1. d4 d5 2. c4 c6 3. Nc3 Nf6 4. e3 e6 5. Nf3 Nbd7 6. b3 Bb4 7. Bd2 0-0 8. Be2 Qe7 9. 0-0 b6 10. Qc2 Bb7 11. Rfd1 Rac8 12. a3 Bd6 13. e4 dxe4 14. Nxe4 Nxe4 15. Qxe4 Nf6 16. Qh4 c5 17. Bg5 Rfd8 18. Rd3 h6 19. Bxf6 Qxf6 20. Qxf6 gxf6 21. Rad1 Be4 22. Re3 f5 23. d5 Bf4 24. Rc3 exd5 25. cxd5 Rxd5 26. g3 Rxd1+ 27. Bxd1 Rd8 28. Be2 Bb8 29. Kf1 Kg7 30. Ke1 Kf6 31. Nd2 Bc6 32. f4 Bd7 33. Rd3 Bc7 34. Kf2 Be6 35. Rxd8 Bxd8 36. Bf3 b5 37. Bc6 c4 38. Bxb5 c3 39. Bd3 cxd2 40. Bc2 Be7 41. b4 Bd8 42. Ke2 Bb6 43. Kxd2 Bg1 0-1

[Event "RF-2014-0-00192"]
[Site "LSS email"]
[Date "2014.07.16"]
[Round "?"]
[White "Ostendorf, Frank"]
[Black "Hogan, Bernardo"]
[Result "0-1"]
[WhiteElo "1067"]
[BlackElo "1238"]
[PlyCount "116"]
[EventDate "2014.05.28"]
[EventType "tourn (corr)"]
[EventRounds "6"]
[EventCountry "GER"]
[SourceTitle "Corr 2015"]
[Source "ChessBase"]
[SourceDate "2015.07.17"]
[SourceVersion "1"]
[SourceVersionDate "2015.07.17"]
[SourceQuality "1"]

1. d4 d5 2. c4 dxc4 3. Nf3 b5 4. a4 c6 5. e3 e6 6. axb5 cxb5 7. b3 a5 8. bxc4 b4 9. Ne5 Nf6 10. c5 Bd7 11. Qf3 Ra7 12. c6 Bc8 13. Bb5 Qd5 14. Qxd5 exd5 15. Nd2 Bd6 16. Nb3 Bc7 17. Bd2 Ba6 18. Bxa6 Rxa6 19. Nc5 Ra8 20. Bxb4 Bxe5 21. dxe5 Nxc6 22. exf6 Nxb4 23. fxg7 Rg8 24. Ke2 Rxg7 25. Rhb1 Nc6 26. g3 Rg4 27. f4 Rg6 28. Rb7 Rh6 29. h4 d4 30. e4 Rc8 31. Nb3 Re6 32. Kf3 Nd8 33. Rb5 Rc3+ 34. Kg4 Rxe4 35. Raxa5 d3 36. Rd5 Ne6 37. Ra8+ Ke7 38. Kf5 Re3 39. Ra7+ Kf8 40. Kf6 Nc7 41. Rxc7 Re6+ 42. Kf5 Rxc7 43. Rxd3 Rb6 44. Nd2 Rc5+ 45. Kg4 h5+ 46. Kf3 Kg7 47. g4 hxg4+ 48. Kxg4 Rg6+ 49. Kh3 Rc1 50. Nf3 Kh6 51. Rd2 Rc3 52. Rf2 Kh5 53. Kh2 Rg4 54. Ne5 Rxh4+ 55. Kg2 f6 56. Nd7 Rg4+ 57. Kf1 Rc1+ 58. Ke2 Rc2+ 0-1

[Event "RF-2014-0-00192"]
[Site "LSS email"]
[Date "2014.07.16"]
[Round "?"]
[White "Ostendorf, Frank"]
[Black "Schoenbuchner, Gerhard"]
[Result "1-0"]
[WhiteElo "1067"]
[BlackElo "920"]
[PlyCount "45"]
[EventDate "2014.05.28"]
[EventType "tourn (corr)"]
[EventRounds "6"]
[EventCountry "GER"]
[SourceTitle "Corr 2015"]
[Source "ChessBase"]
[SourceDate "2015.07.17"]
[SourceVersion "1"]
[SourceVersionDate "2015.07.17"]
[SourceQuality "1"]

1. d4 e5 2. dxe5 Nc6 3. Nf3 Nge7 4. Nc3 Ng6 5. Bg5 Be7 6. Bxe7 Ngxe7 7. e4 Ng6 8. Nd5 Ngxe5 9. Nxe5 Nxe5 10. Qd4 f6 11. Bc4 Nxc4 12. Qxc4 c6 13. Ne3 Qe7 14. Nf5 Qf8 15. 0-0-0 d5 16. exd5 Bxf5 17. Rhe1+ Kf7 18. dxc6+ Kg6 19. g4 Bc8 20. Qe4+ Kf7 21. cxb7 Bxb7 22. Rd7+ Kg8 23. Qe6+ 1-0

[Event "RF-2014-0-00190"]
[Site "LSS email"]
[Date "2014.06.16"]
[Round "?"]
[White "Lenz, Juergen"]
[Black "Ostendorf, Frank"]
[Result "1/2-1/2"]
[WhiteElo "1170"]
[BlackElo "1105"]
[PlyCount "83"]
[EventDate "2014.05.24"]
[EventType "tourn (corr)"]
[EventRounds "6"]
[EventCountry "GER"]
[SourceTitle "Corr 2022"]
[Source "ChessBase"]
[SourceDate "2021.10.24"]
[SourceVersion "1"]
[SourceVersionDate "2021.10.24"]
[SourceQuality "1"]

1. d4 Nf6 2. Nf3 g6 3. Bf4 Bg7 4. e3 0-0 5. Be2 d6 6. h3 c5 7. c3 b6 8. a4 a6 9. Nbd2 Bb7 10. 0-0 Nbd7 11. Bh2 Ra7 12. Qb3 Qa8 13. Rfd1 Ne4 14. Nxe4 Bxe4 15. Ne1 cxd4 16. exd4 Rc7 17. Bf3 Bxf3 18. Nxf3 Nf6 19. Re1 Qc6 20. Nd2 Rb8 21. Re2 b5 22. Nf1 a5 23. axb5 Rxb5 24. Qa4 Nd5 25. Ne3 Nxe3 26. fxe3 Qc4 27. Qxc4 Rxc4 28. Kf1 a4 29. Ke1 f5 30. Kd1 d5 31. Kc2 e6 32. Ra2 Bf8 33. Bg3 a3 34. bxa3 Ra4 35. Kd3 Rb3 36. Reb2 Raxa3 37. Rxb3 Rxa2 38. Rb8 Kf7 39. Rb7+ Kg8 40. Rb8 Kf7 41. Rb7+ Kg8 42. Rb8 1/2-1/2

[Event "RF-2014-0-00190"]
[Site "LSS email"]
[Date "2014.06.16"]
[Round "?"]
[White "Ostendorf, Frank"]
[Black "Bester, Kazimierz"]
[Result "1-0"]
[WhiteElo "1105"]
[BlackElo "805"]
[PlyCount "51"]
[EventDate "2014.05.24"]
[EventType "tourn (corr)"]
[EventRounds "6"]
[EventCountry "GER"]
[SourceTitle "Corr 2022"]
[Source "ChessBase"]
[SourceDate "2021.10.24"]
[SourceVersion "1"]
[SourceVersionDate "2021.10.24"]
[SourceQuality "1"]

1. d4 e6 2. c4 Nf6 3. Nc3 Bb4 4. e3 Bxc3+ 5. bxc3 0-0 6. Bd3 d6 7. Ne2 Nbd7 8. 0-0 c6 9. a4 a5 10. Ba3 e5 11. Bxd6 Re8 12. dxe5 Ng4 13. c5 Ngxe5 14. Bb1 Nc4 15. Qd3 Nxd6 16. Qxh7+ Kf8 17. cxd6 Nf6 18. Qh8+ Ng8 19. Bh7 Qxd6 20. Qxg8+ Ke7 21. Qxg7 Be6 22. Qg5+ f6 23. Qf4 Qd7 24. Rfd1 Qc8 25. Bg6 Rg8 26. Qd6# 1-0

[Event "RF-2014-0-00186"]
[Site "LSS email"]
[Date "2014.05.25"]
[Round "?"]
[White "Lenz, Juergen"]
[Black "Ostendorf, Frank"]
[Result "0-1"]
[WhiteElo "1165"]
[BlackElo "1090"]
[PlyCount "88"]
[EventDate "2014.04.17"]
[EventType "tourn (corr)"]
[EventRounds "6"]
[EventCountry "GER"]
[SourceTitle "Corr 2022"]
[Source "ChessBase"]
[SourceDate "2021.10.24"]
[SourceVersion "1"]
[SourceVersionDate "2021.10.24"]
[SourceQuality "1"]

1. d4 Nf6 2. Nf3 g6 3. Bf4 Bg7 4. e3 0-0 5. Be2 d6 6. h3 c5 7. c3 Nc6 8. 0-0 cxd4 9. exd4 Nd5 10. Bh2 e5 11. dxe5 dxe5 12. Nbd2 Kh8 13. Nc4 f6 14. Qc2 Qc7 15. Rad1 Be6 16. Nfd2 b5 17. Na3 a6 18. Nb3 Rac8 19. Qb1 b4 20. cxb4 Ndxb4 21. Bc4 Bf5 22. Qa1 Nc2 23. Nxc2 Bxc2 24. Rc1 Nb4 25. Be2 Bh6 26. f4 exf4 27. Bf3 Nd3 28. Kh1 Nxc1 29. Rxc1 Qe5 30. Re1 Qd6 31. Bg1 Rfe8 32. Rxe8+ Rxe8 33. Nd4 Ba4 34. b3 Bd7 35. Nc2 Bg7 36. Bd4 Bc6 37. Ne1 Re7 38. Qc3 Rc7 39. Qb2 Qe7 40. Bb6 Qxe1+ 41. Kh2 Re7 42. Bf2 Qe6 43. Bxc6 Qxc6 44. Qd4 f5 0-1

[Event "OP-2014-0-03307"]
[Site "LSS email"]
[Date "2014.03.03"]
[Round "?"]
[White "Ostendorf, Frank"]
[Black "Plummer, Martin"]
[Result "1-0"]
[WhiteElo "800"]
[BlackElo "1111"]
[PlyCount "35"]
[EventDate "2014.02.22"]
[EventType "tourn (corr)"]
[EventRounds "4"]
[EventCountry "GER"]
[SourceTitle "Corr 2022"]
[Source "ChessBase"]
[SourceDate "2021.10.24"]
[SourceVersion "1"]
[SourceVersionDate "2021.10.24"]
[SourceQuality "1"]

1. d4 g6 2. c4 Bg7 3. Nc3 d6 4. e4 Nd7 5. Nf3 c5 6. d5 Ne5 7. Nxe5 Bxe5 8. Bd3 a6 9. 0-0 e6 10. a4 Ne7 11. Bh6 exd5 12. cxd5 Bd7 13. f4 Bd4+ 14. Kh1 Qb6 15. Qc2 f6 16. Ne2 Rc8 17. Bc4 Rg8 18. f5 1-0

[Event "OP-2014-0-03314"]
[Site "LSS email"]
[Date "2014.03.02"]
[Round "?"]
[White "Huber, Erich"]
[Black "Ostendorf, Frank"]
[Result "1-0"]
[WhiteElo "1124"]
[BlackElo "800"]
[PlyCount "25"]
[EventDate "2014.02.27"]
[EventType "tourn (corr)"]
[EventRounds "4"]
[EventCountry "GER"]
[SourceTitle "Corr 2022"]
[Source "ChessBase"]
[SourceDate "2021.10.24"]
[SourceVersion "1"]
[SourceVersionDate "2021.10.24"]
[SourceQuality "1"]

1. e4 e5 2. Nf3 Nc6 3. Bb5 a6 4. Bxc6 dxc6 5. 0-0 Bg4 6. h3 h5 7. Re1 Qf6 8. d3 Ne7 9. hxg4 hxg4 10. Nfd2 Qh4 11. Kf1 g3 12. Qf3 Ng6 13. fxg3 1-0

[Event "OP-2014-0-03294"]
[Site "LSS email"]
[Date "2014.02.16"]
[Round "?"]
[White "Courteille, Thierry"]
[Black "Ostendorf, Frank"]
[Result "1-0"]
[WhiteElo "1136"]
[BlackElo "800"]
[PlyCount "97"]
[EventDate "2014.02.12"]
[EventType "tourn (corr)"]
[EventRounds "4"]
[EventCountry "GER"]
[SourceTitle "Corr 2022"]
[Source "ChessBase"]
[SourceDate "2021.10.24"]
[SourceVersion "1"]
[SourceVersionDate "2021.10.24"]
[SourceQuality "1"]

1. d4 Nf6 2. Nf3 g6 3. c4 d5 4. cxd5 Nxd5 5. e4 Nb6 6. Nc3 Bg4 7. d5 N8d7 8. Be2 Bg7 9. Bf4 0-0 10. 0-0 f5 11. Ng5 Bxe2 12. Qxe2 Nc5 13. Be3 Nxe4 14. Ncxe4 fxe4 15. Ne6 Qxd5 16. Nxf8 Kxf8 17. Rfd1 Qc4 18. Qxc4 Nxc4 19. Bd4 Bxd4 20. Rxd4 Nxb2 21. Rb1 Nd3 22. Rxb7 c6 23. Rdd7 Nc5 24. Rxa7 Rb8 25. Rd1 Rb2 26. a4 Ra2 27. a5 Kf7 28. h3 Nd3 29. a6 Nxf2 30. Rf1 e3 31. Re1 Ra3 32. Rc7 Ne4 33. Rxc6 Nd6 34. Kf1 Ke6 35. Rc7 Rxa6 36. Rxe3+ Kf6 37. Rexe7 h5 38. Ra7 Rxa7 39. Rxa7 Nf5 40. Kf2 Kg5 41. Ra5 Kf6 42. g4 hxg4 43. hxg4 Ne7 44. Kf3 Kg7 45. Ra7 Kf7 46. Kf4 Kf6 47. Ra6+ Kg7 48. Kg5 Kf7 49. Ra7 1-0

[Event "OP-2014-0-03294"]
[Site "LSS email"]
[Date "2014.02.16"]
[Round "?"]
[White "Ostendorf, Frank"]
[Black "Newton, Daryl"]
[Result "1-0"]
[WhiteElo "800"]
[BlackElo "486"]
[PlyCount "53"]
[EventDate "2014.02.12"]
[EventType "tourn (corr)"]
[EventRounds "4"]
[EventCountry "GER"]
[SourceTitle "Corr 2022"]
[Source "ChessBase"]
[SourceDate "2021.10.24"]
[SourceVersion "1"]
[SourceVersionDate "2021.10.24"]
[SourceQuality "1"]

1. d4 d5 2. c4 dxc4 3. e4 e6 4. Bxc4 Nf6 5. Nc3 Qd7 6. Nf3 Bb4 7. Qc2 Nc6 8. Be3 Qe7 9. 0-0 e5 10. dxe5 Nxe5 11. Nxe5 Qxe5 12. f4 Qh5 13. Bd4 0-0 14. Bxf6 gxf6 15. f5 a6 16. Rf3 b6 17. Qd2 Bb7 18. Rh3 Qg5 19. Rg3 Kh8 20. Rxg5 Rad8 21. Qf4 Bd6 22. Qh4 Bc5+ 23. Kf1 Rd4 24. Rh5 Re8 25. Rxh7+ Kg8 26. Rh8+ Kg7 27. Qh6# 1-0